62 Babynamen der Woche 10/25' - Statistiken

Allgemein
  • Dieses Quiz wurde 3 mal gespielt
  • Das Durchschnittsergebnis liegt bei 29 aus 62
Antwortstatistiken
📍 Vorname % Korrekt
M.x.m ♂️ Maxim
100%
Ot.o ♂️ Otto
100%
A.v.d ♂️ Arvid
67%
C.s.y ♂️ Casey
67%
D.n..l ♂️ Daniel
67%
El.s.b..h ♀️ Elisabeth
67%
Er.c ♂️ Eric
67%
E.g.n.a ♀️ Eugenia
67%
F.l.x ♂️ Felix
67%
Gw..d.l.n ♀️ Gwendolyn
67%
Ha.s ♂️ Hans
67%
H.r.y ♂️ Harry
67%
J.s.h.a ♂️ Joschua
67%
K.t..r..a ♀️ Katharina
67%
Ko.s.a.t.n ♂️ Konstantin
67%
L.u.a ♀️ Laura
67%
Le.i ♀️ Leni
67%
L.s.l.t.e ♀️ Liselotte
67%
L.t.a ♀️ Lotta
67%
Ma.t.a ♀️ Martha
67%
M.t.h..s ♂️ Matthias
67%
M.g..l ♂️ Miguel
67%
Ni.o ♂️ Nino
67%
Ol.v.r ♂️ Oliver
67%
Pa.l ♂️ Paul
67%
S.m.n ♂️ Simon
67%
Th.o ♂️ Theo
67%
Th.m.s ♂️ Thomas
67%
T.m ♂️ Tim
67%
U.e ♂️ Uwe
67%
V.r..a ♀️ Verena
67%
Vi.t.r ♂️ Viktor
67%
V.v.a.e ♀️ Viviane
67%
Wa.d.m.r ♂️ Waldemar
67%
W.l.i ♂️ Willi
67%
Yu.a ♀️ Yuna
67%
Ar.a ♀️ Arya
33%
C.m.l..o ♂️ Camillio
33%
E.f.a ♀️ Elfia
33%
E.f..e.e ♀️ Elfriede
33%
E.i.a ♀️ Erika
33%
G.b..e.e ♀️ Gabriele
33%
K.z.y ♂️ Kuzey
33%
M.l.a ♀️ Malia
33%
M.l.k ♂️ Malik
33%
O.n.l.a ♀️ Ornella
33%
O.w.n ♂️ Otwin
33%
Th.r..a ♀️ Theresa
33%
C.r.s.a ♀️ Christa
0%
C.r..t..h ♂️ Christoph
0%
D.n..a ♀️ Donisa
0%
El.f ♀️ Elaf
0%
E.h.n ♂️ Ethan
0%
H.l.a ♀️ Helga
0%
H.n..r ♂️ Henner
0%
In.v.r ♂️ Ingvar
0%
Ja.l..n ♀️ Jasleen
0%
L.a.e.l ♀️ Liabell
0%
Ma.t.e ♀️ Maitje
0%
M.l.s ♂️ Milas
0%
T.l.a ♀️ Talia
0%
W.l.t ♂️ Welat
0%
Keine übereinstimmenden Quizze gefunden
Verteilung der Resultate
Anzahl Personen mit jedem Resultat
Perzentil nach korrekt beantworteten Fragen
Ihre Resultats-Entwicklung
Sie haben dieses Quiz noch nicht gespielt